| 000 | 01145nam a22002537a 4500 | ||
|---|---|---|---|
| 999 |
_c23629 _d23629 |
||
| 003 | AR-CdUCM | ||
| 008 | 260423b20222022 pe||||| |||| 00| 0 spa d | ||
| 020 | _a 978-9972-46-706-6 | ||
| 040 |
_aMUNICIPALIDAD PROVINCIAL DEL CUSCO _cBIBLIOTECA MUNICIPAL DEL CUSCO |
||
| 041 | _hspa | ||
| 082 |
_22° Ed. _a321.40 _bF81 |
||
| 100 |
_aFranco, Carlos _910248 |
||
| 245 | _aAcerca de modo de pensar la democracia en América Latina / | ||
| 260 |
_a Lima-Perú: _bUniversidad Nacional Mayor de San Marcos - Fondo Editorial _c2022 |
||
| 300 |
_a316 páginas. : _c17x23 cm. |
||
| 500 | _z Paginas: 303-316 | ||
| 505 | _aCuadro político intelectual -- De los cambios en los ejes temáticos -- Elaboración de la idea democrática -- de lo general a lo particular -- De las ambigüedades de la política -- Del cuadro intelectual predominante en la regíon -- La ruptura con el enfoque histórico-estructural | ||
| 650 |
_aTransición del autoritarismo _952668 |
||
| 650 |
_aModo historico de producción _952669 |
||
| 650 |
_aOpción política _952670 |
||
| 650 |
_aopción normativa _952671 |
||
| 942 |
_2ddc _cLIBROS |
||
| 945 |
_apbjr _d23-04-2026 |
||